Name the Black Widow Movies - Statistics

General Stats
  • This quiz has been taken 149 times
    61 since last reset
  • The average score is 8 of 9
Answer Stats
Year Movie % Correct
2021 Black Widow
98%
2019 Avengers: Endgame
94%
2012 The Avengers
94%
2018 Avengers: Infinity War
92%
2010 Iron Man 2
92%
2015 Avengers: Age of Ultron
86%
2016 Captain America: Civil War
86%
2014 Captain America: The Winter Soldier
84%
2019 Captain Marvel
64%
No matching quizzes found
Score Distribution
Percent of People with Each Score
Percentile by Number Answered
Your Score History
You have not taken this quiz since the last reset